00877naa a22002657a 4500001001000000003000900010005001700019007000300036008003400039040005400073041000900127072002000136090001800156100001900174245004600193500009300239650001100332650001100343650002500354490003800379942001500417909004000432999001900472952012000491BR8703920BR-BrBNA20250721154516.0ta250630b bl.|||m| |||| 00| 0 por d aBR-BrBNAbporcBiblioteca Nacional de Agricultura a(Pt) aL70b5212b5100 aL70 BR87039201 aPassipieri, M.1 aTransfusao de sangue em bovinos e equinos aBoletim do IESA Belo Horizonte, MG (Brasil): 1982. p. 119-131 [11 ref.] (BR8703920-AMS)  aBOVINO aEQUINO aTRANSFUSAO SANGUINEA aBoletim do IESA (Brazil)vv. 1(2) cAMS2AGRIS a202506bLúciac55dLúcia Elande c335231d335231 002AGRIS40708AGROBASEa41918b41918l0r2025-06-30t01yAMS10d2025-06-30ePortaria Interministerial nº 164/94